Threshold behavior of hard X-rays in resonant transition radiation from beryllium foils; Nuclear Instruments and Methods in Physics Research Section A: Accelerators, Spectrometers, Detectors and Associated Equipment; Vol. 359, iss. 3

Podrobná bibliografie
Parent link:Nuclear Instruments and Methods in Physics Research Section A: Accelerators, Spectrometers, Detectors and Associated Equipment: Scientific Journal
Vol. 359, iss. 3.— 1995.— [P. 518-522]
Další autoři: Andreyashkin M. Yu., Kaplin V. V. Valeriy Viktorovich, Uglov S. R. Sergey Romanovich, Zabaev V. N. Viktor Nikolaevich, Endo I., Kobayashi T.
Shrnutí:Title screen
Spectral distributions of X-ray resonance transition radiation (RTR) generated by 300, 500 and 700 MeV electrons in a target consisting of as many as 125 Be foils have been measured. When the electron energy increased from 500 to 700 MeV, a rapid growth of photon yield was observed in the spectral region , thus confirming the threshold effect of the on-set of the first harmonic of RTR.
Режим доступа: по договору с организацией-держателем ресурса
Jazyk:angličtina
Vydáno: 1995
Témata:
On-line přístup:http://www.sciencedirect.com/science/article/pii/0168900295000070
Médium: MixedMaterials Elektronický zdroj Kapitola
KOHA link:https://koha.lib.tpu.ru/cgi-bin/koha/opac-detail.pl?biblionumber=636811

MARC

LEADER 00000nla0a2200000 4500
001 636811
005 20250407091333.0
035 |a (RuTPU)RU\TPU\network\867 
090 |a 636811 
100 |a 20140327d1995 k||y0rusy50 ba 
101 0 |a eng 
102 |a US 
135 |a drnn ---uucaa 
181 0 |a i  
182 0 |a b 
200 1 |a Threshold behavior of hard X-rays in resonant transition radiation from beryllium foils  |f M. Yu. Andreyashkin [et al.] 
203 |a Text  |c electronic 
300 |a Title screen 
330 |a Spectral distributions of X-ray resonance transition radiation (RTR) generated by 300, 500 and 700 MeV electrons in a target consisting of as many as 125 Be foils have been measured. When the electron energy increased from 500 to 700 MeV, a rapid growth of photon yield was observed in the spectral region , thus confirming the threshold effect of the on-set of the first harmonic of RTR. 
333 |a Режим доступа: по договору с организацией-держателем ресурса 
461 |t Nuclear Instruments and Methods in Physics Research Section A: Accelerators, Spectrometers, Detectors and Associated Equipment  |o Scientific Journal 
463 |t Vol. 359, iss. 3  |v [P. 518-522]  |d 1995 
610 1 |a труды учёных ТПУ 
610 1 |a электронный ресурс 
701 1 |a Andreyashkin  |b M. Yu. 
701 1 |a Kaplin  |b V. V.  |c physicist  |c senior research fellow at Tomsk Polytechnic University  |f 1947-  |g Valeriy Viktorovich  |3 (RuTPU)RU\TPU\pers\31532 
701 1 |a Uglov  |b S. R.  |c physicist  |c Leading Researcher of Tomsk Polytechnic University, Candidate of Physical and Mathematical Sciences  |f 1958-  |g Sergey Romanovich  |3 (RuTPU)RU\TPU\pers\31533  |9 15694 
701 1 |a Zabaev  |b V. N.  |c physicist  |c associate professor of Tomsk Polytechnic University  |f 1946-  |g Viktor Nikolaevich  |3 (RuTPU)RU\TPU\pers\31534 
701 1 |a Endo  |b I. 
701 1 |a Kobayashi  |b T. 
801 2 |a RU  |b 63413507  |c 20160608  |g RCR 
856 4 |u http://www.sciencedirect.com/science/article/pii/0168900295000070 
942 |c CF